Handbook of mechanical engineering / (Record no. 142318)
[ view plain ]
| 000 -LEADER | |
|---|---|
| fixed length control field | 00626nam a22001817a 4500 |
| 005 - DATE AND TIME OF LATEST TRANSACTION | |
| control field | 20170706101429.0 |
| 020 ## - INTERNATIONAL STANDARD BOOK NUMBER | |
| International Standard Book Number | 9788121935876 |
| Terms of availability | 1150.00 |
| 035 ## - SYSTEM CONTROL NUMBER | |
| System control number | B-668093 |
| 037 ## - SOURCE OF ACQUISITION | |
| Source of stock number/acquisition | Techniz Books/Ven |
| Stock number | dpl |
| 082 ## - DEWEY DECIMAL CLASSIFICATION NUMBER | |
| Classification number | 621 |
| 100 ## - MAIN ENTRY--PERSONAL NAME | |
| Personal name | Sadhu Singh |
| 245 ## - TITLE STATEMENT | |
| Title | Handbook of mechanical engineering / |
| Statement of responsibility, etc | by Sadhu Singh |
| 260 ## - PUBLICATION, DISTRIBUTION, ETC. (IMPRINT) | |
| Date of publication, distribution, etc | 2011 |
| Place of publication, distribution, etc | New Delhi |
| Name of publisher, distributor, etc | S. Chand |
| 270 ## - ADDRESS | |
| Address | 7361, Ram Nagar, |
| City | New Delhi |
| Postal code | 110055 |
| 300 ## - PHYSICAL DESCRIPTION | |
| Dimensions | 23cm(Hb |
| Extent | xvi,2326p. : |
| Other physical details | ill. |
| 942 ## - ADDED ENTRY ELEMENTS (KOHA) | |
| Item type | English Books |
| Source of classification or shelving scheme | Dewey Decimal Classification |
| Call number suffix | SAD |
| Classification part | 621 |
| Withdrawn status | Lost status | Not for loan | Collection code | Home library | Current library | Date acquired | Source of acquisition | Cost, normal purchase price | Full call number | Barcode | Copy number | Cost, replacement price | Koha item type |
|---|---|---|---|---|---|---|---|---|---|---|---|---|---|
| Not For Loan | Non-fiction | Ashok Vihar | Ashok Vihar | 06/07/2017 | BPPD/EN/2014-15/AV/16-17/434/15.2.2017/17435/24.2.2017/ 18.3.2017 | 1150.00 | 621 SAD | B-668093 | 1 | 1150.00 | English Books |
